• 首页
  • 本馆介绍
  • 公告通知
  • 最新文献
  • 馆藏检索
  • 电子资源
  • 读者导购
  • 参考咨询
  • 我的图书馆
  • 登录
  • 详细信息显示
  • 放入我的书架
  • 预约/预借图书
  • 作者相关作品
  • 分类相关作品
  • 丛书相关作品
  • 出版社相关作品

书目信息

  • 表格格式
  • 工作单格式
  • 卡片格式
题名:
幼师舞蹈
    
 
作者: 吕小玲 , 邹纯 , 王菁菁 主编
分册: 下  
出版信息: 长沙   湖南大学出版社  2017
页数: 125页
开本: 29cm
丛书名:
单 册:
中图分类: J732.5
科图分类:
主题词: 儿童舞蹈--幼儿师范学校--教材
电子资源:
ISBN: 978-7-5667-1317-9
000 00955nam0 2200265 450
001 4022
005 20180528152945.32
010    @a978-7-5667-1317-9@dCNY25.00
100    @a20171116d2017 em y0chiy50 ea
101 0  @achi
102    @aCN@b430000
105    @aag z 000yy
200 1  @a幼师舞蹈@9you shi wu dao@h下@f吕小玲,邹纯,王菁菁主编
205    @a4版
210    @a长沙@c湖南大学出版社@d2017
215    @a125页@c图@d29cm
300    @a学前教育专业“十三五”规划教材 学前教育经典教材 艺术课程
330    @a本书分别对中国民族民间舞蹈、幼儿舞蹈基础知识等内容进行了较为详尽的阐述。在突出舞蹈基础知识与基本技能的系统性、科学性和实用性的同时,注重学生舞蹈特长的展示和幼儿园教学能力的培养。
606 0  @a儿童舞蹈@x幼儿师范学校@j教材
690    @aJ732.5@v5
701  0 @a吕小玲@9lv xiao ling@4主编
701  0 @a邹纯@9zou chun@4主编
701  0 @a王菁菁@9wang jing jing@4主编
801  0 @aCN@b91MARC@c20171116
905    @aMuseLib@dJ732.5@e183:2=4
    
    幼师舞蹈.下/吕小玲,邹纯,王菁菁主编.-4版.-长沙:湖南大学出版社,2017
    125页:图;29cm
    学前教育专业“十三五”规划教材 学前教育经典教材 艺术课程
    
    ISBN 978-7-5667-1317-9:CNY25.00
    本书分别对中国民族民间舞蹈、幼儿舞蹈基础知识等内容进行了较为详尽的阐述。在突出舞蹈基础知识与基本技能的系统性、科学性和实用性的同时,注重学生舞蹈特长的展示和幼儿园教学能力的培养。
●
相关链接 在E读中查询图书 在五车中查询图书 在当当中查询图书 在豆瓣中查询图书


正题名:幼师舞蹈     索取号:J732.5/183:2=4         预约/预借

序号 登录号 条形码 馆藏地/架位号 状态 备注
1 1111582   211115826   第一样本阅览室/ [索取号:J732.5/183:2=4] 在馆    
2 1111583   211115835   教育系资料室/ [索取号:J732.5/183:2=4] 在馆    
3 1111584   211115844   教育系资料室/ [索取号:J732.5/183:2=4] 在馆    
4 1111585   211115853   第一借阅区/ [索取号:J732.5/183:2=4] 在馆    
唐山师范学院图书馆 欢迎您!
大连网信软件有限公司© 版权所有